000 00761nam a2200241 i 4500
001 bg
100 1 _aPEMPKOWIAK, Janusz
245 1 0 _aZarys geochemii morskiej /
_cJanusz Pempkowiak.
260 _aGdańsk :
_bWydaw. Uniwersytetu Gdańskiego,
_c1997.
300 _a170, [1] s. :
_bil. ;
_c24 cm.
504 _aBibliogr.
650 9 _aGeochemia
650 9 _aMorze
_xgeochemia
655 _aPodręczniki akademickie
020 _a8370177174
040 _cBPK
041 0 _apol
080 _a550.4(26)(075.8)
920 _a83-7017-717-4
942 _cKS
008 s pl f |000 0 pol
999 _c45739
_d45739
856 _uhttp://koha.tu.koszalin.pl/cgi-bin/koha/opac-detail.pl?biblionumber=45739
_yKatalog online BPK